The philosophy of language / (Record no. 128263)

MARC details
000 -LEADER
fixed length control field 00668nam a22002297a 4500
005 - DATE AND TIME OF LATEST TRANSACTION
control field 20170124110037.0
010 ## - LIBRARY OF CONGRESS CONTROL NUMBER
LC control number 472567
020 ## - INTERNATIONAL STANDARD BOOK NUMBER
Terms of availability 00.00
035 ## - SYSTEM CONTROL NUMBER
System control number 472567
037 ## - SOURCE OF ACQUISITION
Source of stock number/acquisition Cen Lib/Ret
040 ## - CATALOGING SOURCE
Original cataloging agency DPL
Language of cataloging EN
082 ## - DEWEY DECIMAL CLASSIFICATION NUMBER
Classification number 401
Item number KAT
100 ## - MAIN ENTRY--PERSONAL NAME
Personal name Katz, Jerrold J.
9 (RLIN) 22865
245 ## - TITLE STATEMENT
Title The philosophy of language /
Statement of responsibility, etc by Jerrold J. Katz
260 ## - PUBLICATION, DISTRIBUTION, ETC. (IMPRINT)
Place of publication, distribution, etc New York
Name of publisher, distributor, etc Harper and Row
Date of publication, distribution, etc 1966
270 ## - ADDRESS
City New York
Address 49 East 33rd Street
300 ## - PHYSICAL DESCRIPTION
Extent xiii,326p.
Dimensions 21cm(Hb)
500 ## - GENERAL NOTE
General note Includes bibliographical references<br/>
650 ## - SUBJECT ADDED ENTRY--TOPICAL TERM
Topical term or geographic name as entry element Language and languages -- Philosophy
9 (RLIN) 22866
650 ## - SUBJECT ADDED ENTRY--TOPICAL TERM
Topical term or geographic name as entry element Philosophy
9 (RLIN) 22867
942 ## - ADDED ENTRY ELEMENTS (KOHA)
Source of classification or shelving scheme Dewey Decimal Classification
Koha item type English Books
Classification part 401
Call number suffix KAT
Holdings
Withdrawn status Lost status Damaged status Not for loan Home library Current library Date acquired Source of acquisition Cost, normal purchase price Total Checkouts Full call number Barcode Date last seen Copy number Cost, replacement price Price effective from Koha item type
        Central Library Central Library 02/07/2015 Cen Lib/Ret 0.00   401 KAT 472567 02/07/2015 1 0.00 02/07/2015 English Books

© Delhi Public Library
Hit Counter
free hit counter